000 01102nam a2200253 i 4500
001 150907
003 ES-MaACL
005 20250410063055.0
007 t|
008 071119s1859 sp ||||1| spa d
080 _a929 Blanca de Borbón (460.18)
080 _a94(460.355 Medina-Sidonia)
100 1 _aThebussem,
_cDoctor,
_d1828-1918
_9109885
245 1 0 _aDatos históricos relativos a la inscripción que en el año de 1859 se colocó en una torre de Medina Sidonia, donde estuvo presa y murió la reina Doña Blanca de Borbón, esposa de D. Pedro de Castilla.
260 _aCádiz :
_b[s.n.],
_c1859 (
_fImp. de la Revista Médica)
300 _a37 p., [3] h. de lám. ;
_c22 cm.
530 _aDisponible en formato digital.
593 _aEncabezamiento tomado de Palau, 331385.
600 1 4 _aBlanca de Borbón
_cReina consorte de Pedro I, Rey de Castilla.
_9156318
651 4 _aMedina-Sidonia-
_xHistoria.
_9137256
852 4 _aES-MaACL
_jT-70-F-7
856 4 _uhttp://bdh-rd.bne.es/viewer.vm?id=0000144427&page=1
_zBiblioteca Digital Hispánica
999 _c150907
_d150907